Institutional Capacity and Innovation Performance
Priblíženie vzťahu medzi inštitucionálnym zázemím a inovačnou kapacitou. Definícia, prečo sa tento vzťah medzi skupinami krajín líši. Použitie empirickej analýzy.
Salvato in:
| Autore principale: | |
|---|---|
| Altri autori: | |
| Natura: | Capitolo di libro |
| Lingua: | inglese |
| Soggetti: | |
| Tags: |
Nessun Tag, puoi essere il primo ad aggiungerne!!
|
MARC
| LEADER | 00000naa$a2200000$$$4500 | ||
|---|---|---|---|
| 001 | 0272542 | ||
| 005 | 20210311130706.7 | ||
| 041 | 0 | |a eng | |
| 044 | |a SK | ||
| 245 | 1 | 0 | |a Institutional Capacity and Innovation Performance |c Kyriaki I. Kafka, Pantelis C. Kostis |
| 520 | |a Priblíženie vzťahu medzi inštitucionálnym zázemím a inovačnou kapacitou. Definícia, prečo sa tento vzťah medzi skupinami krajín líši. Použitie empirickej analýzy. | ||
| 610 | 2 | 0 | |a inovácia |
| 610 | 2 | 0 | |a inštitúcia |
| 610 | 2 | 0 | |a rozvoj hospodársky |
| 610 | 2 | 0 | |a reformy štruktúrne |
| 100 | 1 | |a Kafka, Kyriaki I. | |
| 700 | 1 | |a Kostis, Pantelis C. | |